paroles "A nos souvenirs" - Trois Cafés Gourmands - Statistiques

Statistiques générales
  • Ce quiz a été pris 4 775 fois
  • Le résultat moyen est 279 sur 387
Statistiques - réponses
Réponse % Correct
de
99%
ce
98%
en
98%
te
98%
a
97%
à
97%
petit
97%
me
96%
mon
96%
96%
pour
96%
se
96%
coin
95%
le
95%
ma
95%
terre
95%
bout
94%
comment
94%
la
94%
paradis
94%
père
94%
encore
93%
es
93%
oublier
93%
que
93%
tu
93%
dans
92%
des
92%
et
92%
faire
92%
on
92%
vit
92%
puis-je
91%
d'elle
90%
du
89%
pas
89%
pourrais-je
89%
séparer
89%
ne
88%
un
88%
au
87%
matin
87%
peu
87%
est
86%
l'eau
86%
parisien
86%
tout
86%
loin
85%
parti
85%
as
84%
c'est
84%
faut
84%
vaches
84%
je
83%
photo
83%
t'as
83%
vin
83%
joue
82%
trouvé
82%
fausses
81%
faute
81%
notes
81%
y
81%
chagrin
80%
coeur
80%
Corrèze
80%
vous
79%
belle
78%
n'était
78%
qu'on
77%
rappeler
77%
tableaux
77%
bonheur
76%
con
76%
peur
75%
si
75%
chanson
74%
l'âme
74%
acheter
73%
trompe
73%
vagues
73%
chemin
72%
drame
72%
cousin
71%
mal
71%
tes
71%
bizarre
70%
charnelle
70%
pire
70%
trouvez
70%
fais
69%
Jérémy
69%
personne
69%
ciel
68%
être
68%
Joël
68%
pays
68%
peut
68%
tête
68%
aura
67%
meilleur
67%
n'aimez
67%
patriotard
67%
qu'un
67%
reflexion
67%
autre
66%
frères
66%
fruit
66%
Guillaume
66%
les
66%
monte
66%
voyage
66%
bagages
65%
il
65%
au-delà
64%
d'une
64%
jamais
64%
mourir
64%
touchera
64%
allez
63%
amis
63%
l'aime
63%
perdre
63%
religion
63%
veut
63%
qu'une
62%
région
62%
confession
61%
sera
61%
vos
61%
rejoindre
60%
nos
59%
viens
59%
yeux
58%
croyez
56%
résonnent
55%
nous
54%
dernier
51%
France
51%
enfants
49%
joli
49%
voix
49%
Yoan
49%
petits
48%
cette
47%
grands-pères
47%
testament
47%
coup
46%
grands-mères
46%
mais
46%
sur
46%
sûr
46%
gnôle
45%
qui
45%
notre
44%
soir
43%
Chabrol
42%
Musette
42%
souvenirs
42%
confidence
41%
Lucas
41%
bien
40%
j'ai
40%
dégage
39%
laisse
39%
toi
39%
fête
38%
héritage
38%
profité
38%
temps
38%
l'odeur
37%
Mimi
37%
boire
36%
elle
36%
s'il
36%
faisons
35%
piste
35%
brillent
34%
relève
34%
t'aime
33%
vivants
33%
avant
32%
dire
32%
fier
32%
juste
32%
prenez
32%
remplir
32%
soin
32%
cathéter
30%
pétille
30%
suis
30%
avec
29%
acceptez
28%
j'en
27%
rengaine
27%
soyez
27%
vue
27%
gâtés
26%
enterrez-nous
25%
Piedri
24%
d'être
23%
fiere
23%
baillonnés
21%
sert-nous
21%
Clody
19%
jabot
15%
Monédières
14%
Aucun quiz correspondant
Distribution des résultats
% des personnes avec chaque résultat
Percentile par nombre de réponses
Votre historique - résultats
Vous n’avez pas pris ce quiz